| 000 | 01135nam a22002777a 4500 | ||
|---|---|---|---|
| 999 |
_c29448 _d29419 |
||
| 003 | EG-ScBUE | ||
| 005 | 20210920141045.0 | ||
| 008 | 210920s2020 ua o f 000 0beng d | ||
| 040 |
_aEG-ScBUE _bara _erda _cEG-ScBUE _dEG-ScBUE |
||
| 043 | _af-ua--- | ||
| 082 | 0 | 4 |
_a338.092 _bم ع هـ _222 |
| 110 | 2 |
_aالمعهد الدولي العالي للإعلام بالشروق. _bقسم الصحافة، _eمؤلف. |
|
| 245 | 1 | 0 |
_aمحمد فريد خميس بأقلام من عرفوه / _cإعداد أسرة قسم الصحافة، المعهد الدولي العالي للإعلام بالشروق. |
| 250 | _aالطبعة الأولى. | ||
| 264 | 1 |
_aالقاهرة : _bأكاديمية الشروق، _c2020. |
|
| 300 |
_a99 صفحة : _bصور ؛ _c22 سم |
||
| 336 |
_2rdacontent _aنص _btxt |
||
| 337 |
_2rdamedia _aبدون وسيط _bn |
||
| 338 |
_2rdacarrier _aمجلد _bnc |
||
| 541 | _cDonation. | ||
| 600 | 1 | 7 |
_aخميس، محمد فريد، _d1940-2020. _2BUEsh |
| 650 | 7 |
_aرجال الأعمال _zمصر _vتراجم. _2BUEsh |
|
| 653 |
_bGGEN _cSeptember2021 |
||
| 655 |
_vReading book _934232 |
||
| 942 | _2ddc | ||